000 00426nam a2200169Ia 4500
005 20250923144646.0
008 008 250917s9999 xx 000 0 eng d
037 _aPeriodicals
040 _aDSWL
_beng
_cDSWL
041 _aeng
_2eng
084 _qDSWL
245 0 _aJournal of Correctional Work
_cby Govt. of U.P.
260 _aUP
_bGovt. of U.P.
_c1956
300 _a601p.
942 _cCR
999 _c1441712
_d1441712